Mechanisms in modern engineering design : Volume 3 /

Gardado en:
Detalles Bibliográficos
Autor Principal: Ivan I Artobolevsky
Formato: Libro
Idioma:Vietnamese
Publicado: Maxcơva : Maxcơva , 1977
Những chủ đề:
Các nhãn: Engadir etiqueta
Sen Etiquetas, Sexa o primeiro en etiquetar este rexistro!
Thư viện lưu trữ: Thư viện Trường CĐ Kỹ Thuật Cao Thắng
LEADER 00787nam a2200229 a 4500
001 TVCDKTCT345
003 Thư viện trường Cao đẳng Kỹ thuật Cao Thắng
005 20170605085126.8
008 050801
980 \ \ |a Thư viện Trường CĐ Kỹ Thuật Cao Thắng 
024 |a RG_1 #1 eb0 i1 
041 0 # |a vie 
082 # # |a 621.8 /   |b IV100N-m 
100 1 # |a Ivan I Artobolevsky 
245 0 0 |a Mechanisms in modern engineering design : Volume 3 /   |c Ivan I Artobolevsky 
260 # # |a Maxcơva :   |b Maxcơva ,   |c 1977 
300 # # |a 663tr. ;   |c 19 cm 
650 # 4 |a Cơ khí 
650 # 4 |a kỹ thuật máy 
721 # # |a CNKT Cơ điện tử 
721 # # |a CNKT Cơ khí 
841 # # |b Kho Sách   |j 100006087, 100006205, 100006206, 100006207, 100006255, 100006998